U.S. State Nicknames - Click Quiz (State to Nickname) - Statistics

General Stats
  • This quiz has been taken 115 times
  • The average score is 35 of 50
Answer Stats
Hint Answer % Correct
Texas The Lone Star State
90%
New York The Empire State
84%
Indiana The Hoosier State
84%
Georgia The Peach State
84%
California The Golden State
81%
Louisiana The Pelican State
81%
Tennessee The Volunteer State
81%
Hawaii The Aloha State
77%
Kentucky The Bluegrass State
77%
Nebraska The Cornhusker State
77%
Delaware The First State
77%
New Jersey The Garden State
77%
Arizona The Grand Canyon State
77%
Michigan The Great Lakes State
77%
New Mexico The Land of Enchantment
77%
Alaska The Last Frontier
77%
Florida The Sunshine State
77%
Wyoming The Equality State
The Cowboy State
74%
South Dakota The Mount Rushmore State
74%
Virginia The Old Dominion State
74%
Oregon The Beaver State
71%
Connecticut The Constitution State
71%
Vermont The Green Mountain State
71%
Pennsylvania The Keystone State
71%
Mississippi The Magnolia State
71%
South Carolina The Palmetto State
71%
Oklahoma The Sooner State
71%
Kansas The Sunflower State
71%
North Carolina The Tar Heel State
71%
Massachusetts The Bay State
68%
Utah The Beehive State
68%
Ohio The Buckeye State
68%
New Hampshire The Granite State
68%
Rhode Island The Ocean State
68%
Missouri The Show Me State
68%
Nevada The Silver State
68%
Minnesota The North Star State
65%
Alabama The Yellowhammer State
65%
Wisconsin The Badger State
61%
Colorado The Centennial State
61%
Maryland The Old Line State
61%
Illinois The Prairie State
61%
Washington The Evergreen State
58%
Idaho The Gem State
58%
Arkansas The Natural State
58%
North Dakota The Peace Garden State
58%
Maine The Pine Tree State
58%
Montana The Treasure State
55%
Iowa The Hawkeye State
45%
West Virginia The Mountain State
45%
No matching quizzes found
Score Distribution
Percent of People with Each Score
Percentile by Number Answered
Your Score History
You have not taken this quiz